[Event "Yerevan m"]
[Site "Yerevan"]
[Date "2007.05.05"]
[Round "3"]
[White "Kramnik, Vladimir"]
[Black "Aronian, Levon"]
[Result "0-1"]
[WhiteElo "2772"]
[BlackElo "2759"]
[Annotator "Marin,M"]
[PlyCount "154"]
[EventDate "2007.05.04"]
[EventType "match (rapid)"]
[EventRounds "6"]
[EventCountry "ARM"]
[SourceTitle "CBM 118"]
[Source "ChessBase"]
[SourceDate "2007.05.31"]
[SourceVersion "1"]
[SourceVersionDate "2007.05.31"]
[SourceQuality "1"]

1. Nf3 Nf6 2. c4 b6 3. g3 c5 4. Bg2 Bb7 5. O-O e6 {Deviating from two previous
encounters between the same players.} ({Generally,} 5... g6 {is by far more
popular at a high level than the Hedgehog setup, chosen by Aronian in our main
game. Personally, I see no real reason for that, because in the Hedgehog
Black's position is more flexible and offers him better chances for
counter-attack in view of his better control over the central squares. Anyway,
the aforementioned games continued} 6. d4 cxd4 7. Qxd4 Bg7 8. Nc3 d6 9. Rd1
Nbd7 10. Be3 Rc8 11. Rac1 a6 12. b3 O-O 13. Qh4 Rc7 14. Bh3 Qb8 {This is a
topical position and here the games took a different course.} 15. Bg5 $5 ({
When having this position with the white pieces, Aronian preferred the
fashionable} 15. g4 {but ran into his opponent's excellent preparation} e6 16.
g5 Ne8 17. Bg2 b5 18. Ne4 bxc4 19. bxc4 d5 20. cxd5 Bxd5 21. Nc5 Nxc5 22. Bxc5
Nd6 23. Rb1 Qxb1 24. Rxb1 Rxc5 $44 {and White drew not without difficulty,
Aronian,L (2724)-Kramnik,V (2744)/Saint Vincent 2005/CBM 110/[Stohl] (1/2-1/2,
85).}) 15... Bxf3 16. exf3 b5 17. Bxd7 Rxd7 18. Nd5 Nxd5 19. cxd5 Rc7 20. Rc6 {
Kramnik,V (2729)-Aronian,L (2756)/Turin 2006/CBM 113 (1-0, 37). and White's
queenside advantage proved sufficient for a win.}) 6. Nc3 Be7 7. d4 cxd4 8.
Qxd4 d6 9. Bg5 a6 10. Bxf6 Bxf6 11. Qf4 {This variation is supposed to offer
White a slightly more pleasant position with almost no risk at all. In
practice, things are not always that simple.} O-O 12. Rfd1 Be7 13. Ne4 Bxe4 14.
Qxe4 Ra7 15. Nd4 {This is one of the main tabyias of the variation involving
an early exchange on f6. I believe that a close examination of the position
will help us understand the whole magic behind the Hedgehog system. The first
thought that comes up to mind is that White is doing just great. He not only
has more space and a superior development, but has managed to eliminate the
main opponent of his g2-bishop, the black queen's bishop, having an
authoritarian control of the long diagonal. In most of the fianchetto systems 
(such as the Catalan Opening) these aspects would ensure White an almost
decisive advantage, but if we look at it from Black's point of view, we can
see that this is hardly the case here. The exchange of two pairs of minor
pieces has solved Black's problems of space to considerable extent. Although
his knight will not be easy to develop because it is supposed to guard the
c6-square, all the other pieces can get coordinated without stepping into
each-other's way.  After the elimination of White's dark-squared bishop the
d6-pawn is almost invulnerable and White will need a lot of effort to prove an
active plan. Obviously, he should aim for play on light squares. One of the
possible ideas would be to play b4-b5 and install his knight (or bishop) on c6.
However, this would weaken the c5-square and the c4-pawn at the same time.
Sometimes, a brutal sacrifice on e6 could cause Black problems. Finally, there
exists the possibility of a slow advance of the kingside pawns, but this is
also not without risk, because Black has an extra-pawn in the range between
the d- and h-files. Concluding, I can agree that White has very little risk,
but things can really change if he becomes "ambitious".} Qc8 {Black's general
strategy should rely on the control of the dark squares. One important
decision is whether to place the queen or the queen's rook on c5. Black's last
move prepares ...Qc5.} ({The main alternative is} 15... Rc7 16. b3 Bf6 (16...
Rc5 {[%cal Yb6b5] Threatening b5.} 17. a4 Qc7 18. Qb1 Rc8 19. Ra2 Bf8 20. e3
Qe7 21. Rc2 g6 22. Qa2 {[%csl Yc4,Yc6][%cal Yb3b4,Yb4b5] A smart regroupment,
preparing the advance of the b-pawn.} Qg5 23. h4 Qf6 24. b4 R5c7 25. b5 a5 26.
Nc6 Nd7 27. Rcd2 Nc5 28. Qc2 Qg7 29. f4 $14 {Once the queenside action has
been crowned with success, White prepares active operations on the other wing,
Andersson,U (2635)-Seirawan,Y (2575)/London 1982/MCD (1-0, 52)}) 17. e3 Nd7 (
17... Re8) 18. Rac1 Qc8 19. Rb1 Rc5 $2 {Very carelessly played.} (19... Re8)
20. Nxe6 fxe6 (20... Re5 21. Nxf8 Rxe4 22. Nxd7 Re6 23. Nxb6 $16) 21. Qxe6+ Kh8
22. Bh3 Rd8 23. Rxd6 Ne5 24. Qxc8 Rcxc8 25. Rxb6 $16 {and White's pawns
eventually prevailed over Black's piece, Malakhov,V (2670)-Nisipeanu,L (2707)/
Benidorm 2005/CBM 109 ext (1-0, 34). From these games we can infer that
keeping the black queen passive on the back rank allows White to carry out his
general plan more freely.}) 16. b3 Re8 ({There is nothing wrong with the
immediate} 16... Qc5 {, but we know from the previous comment that leaving the
e6-pawn unattended is risky.}) 17. a4 Qc5 18. Ra2 Qh5 $146 {At first sight, it
is hard to see any concrete purpose to this move. Black seems to be just
inviting his opponent to define his intentions. However, there is a certain
logic in Aronian's play over the next phase of the game. First, he will drive
the enemy queen away from the centre. When the b1-h7 diagonal becoms available,
he will place his queen on g6, in order to keep the enemy queenside under
pressure and hinder White's active operations.} ({A very interesting, and
possibly revolutionary plan was displayed in the next game:} 18... Rd7 19. Qb1
a5 $5 {This has generally been considered bad because it weakens the b5-square.
However, apart from the obvious aim of preventing b4-b5, Black has another
idea in his mind.} 20. Rad2 Bf8 21. Qd3 Red8 22. Nb5 Na6 {This is it. By
transferring the knight to b4, Black will sustain the freeing move ...d5.} 23.
Be4 g6 24. Qf3 Nb4 25. Qf4 d5 $1 26. cxd5 Nxd5 $11 {Magalashvili,D (2459)
-Azarov,S (2579)/Istanbul 2006/TWIC 617 (1/2-1/2, 45)}) ({A famous game
continued} 18... Bf6 19. Rad2 Rc7 20. Qb1 Be7 21. b4 Qh5 22. Rc2 (22. b5 $5 {
Kasparov,G} Rxc4 $2 23. bxa6 $16) 22... Rec8 $10 23. b5 $2 axb5 24. axb5 (24.
Nxb5 Rd7 $1 $17 {>< Pa4, Pc4 '=/+' Kasparov,G.}) 24... Rxc4 $1 25. Rxc4 (25.
Nc6 Rxc2 26. Nxe7+ Kh8 $1 27. Bf3 $1 Qe5 $1 28. Nxc8 Rxc8 $17 {Kasparov}) 25...
Rxc4 26. Qa2 Qc5 $15 {Karpov,A (2690)-Kasparov,G (2625)/Moscow 1981/MCL/
[ChessBase] (1/2-1/2, 41)}) 19. Bf3 (19. b4 $5) 19... Qe5 20. e3 (20. Qxe5 dxe5
21. Nc2 a5 $1 $11 {[%cal Yb8a6] and the white knight has no acess to b5.} 22.
Na3 $6 Bxa3 23. Rxa3 Na6 $15) 20... Rc8 21. Qb1 Rac7 22. Rc2 Qf6 23. Bg2 Nd7
24. Qa2 Qg6 {Black has completed his intended regroupment.} 25. Rcd2 (25. Rdc1
Nc5 26. b4 $6 Nd3 $132) 25... Nc5 26. Ne2 Nd7 27. a5 $5 {White seems to have
spotted the drawback of Black's plan: the queen is far away, allowing this
generally favourable pawn break. However, Black has sufficient defensive
resources at his disposal.} bxa5 28. Qxa5 Nc5 29. Nc1 {The b3-pawn is not easy
to defend, but retreating with the knight to such a passive square looks
hardly impressive.} h5 {The queen is useful for putting some pressure on the
white king, but...} 30. Rd4 (30. b4 Ne4 $132 {[%csl Gc4] Just another point
behind Black's strategy: the knight has this square at his disposal.}) 30...
Qc2 $1 {... it can cause mini-problems on the opposite wing as well.} 31. b4 $2
{Probably missing Black's answer.} (31. R4d2 Qg6 $11) 31... Qa4 $1 $17 {
White cannot defend his queenside pawns in a proper way.} 32. Qxa4 Nxa4 33. Ne2
Nb2 34. Ra1 Bf6 35. Rxd6 Nxc4 36. Rdxa6 Bxa1 37. Rxa1 Rb8 38. Rb1 Na3 39. Rb3
Nb5 40. Bf3 g6 41. h4 Rc4 42. Nf4 Rc3 43. Rb2 Na3 44. Be2 Rc2 45. Rb3 e5 46.
Nd5 Rxe2 47. Rxa3 Kg7 48. Rb3 Rd2 49. Nc7 Rc2 50. Nd5 Ra8 51. Nc3 Rc8 52. Ne4
R8c4 53. Nd6 R4c3 54. Rxc3 Rxc3 55. b5 Rd3 56. Nc4 f6 57. Kf1 Rb3 58. Nd6 Kf8
59. Ke2 Ke7 60. Nc8+ Kd7 61. Na7 Rb2+ 62. Kf3 Ke6 63. e4 Kd6 64. Nc8+ Ke6 65.
Na7 f5 66. exf5+ Kxf5 67. Ke3 Rb3+ 68. Kd2 Ke4 69. Kc2 Rf3 70. Nc6 Rxf2+ 71.
Kc3 Rf1 72. Kb4 Rc1 73. Ne7 Kf3 74. Nxg6 e4 75. b6 e3 76. Ne5+ Kxg3 77. Nd3 e2
0-1

[Event "Dortmund SuperGM 35th"]
[Site "Dortmund"]
[Date "2007.06.23"]
[Round "1"]
[White "Kramnik, Vladimir"]
[Black "Anand, Viswanathan"]
[Result "1/2-1/2"]
[WhiteElo "2772"]
[BlackElo "2786"]
[Annotator "Rogozenco,D"]
[PlyCount "69"]
[EventDate "2007.06.23"]
[EventType "tourn"]
[EventRounds "7"]
[EventCountry "GER"]
[EventCategory "20"]
[SourceTitle "CBM 119"]
[Source "ChessBase"]
[SourceDate "2007.08.01"]
[SourceVersion "1"]
[SourceVersionDate "2007.08.01"]
[SourceQuality "1"]

1. d4 d5 2. c4 c6 3. Nf3 Nf6 4. e3 Bf5 5. Nc3 e6 6. Nh4 Bg6 7. Be2 Nbd7 8. O-O
Bd6 9. g3 O-O 10. Nxg6 hxg6 11. Qc2 {In this opening variation White has the
bishop pair, but Black an easy development and no weaknesses. Therefore
White's edge is insignificant. On the other hand Black's chances to win are
practically inexistent, while with White one can hope to use the bishop pair
later on. In other words the position suits Kramnik's style perfectly. However,
Anand doesn't have any psychological discomfort playing strictly for a draw in
such positions, especially after a thorough opening preparation for this
particular variation, which has lately become Kramnik's specialty.} Qe7 {
Following Kramnik's own recipe. Before exchanging on c4 Black makes another
useful move.} (11... dxc4 12. Bxc4 c5 13. dxc5 Bxc5 14. Rd1 Rc8 (14... Qe7 $5)
15. Bf1 Bb4 16. Bd2 Ne5 (16... Nd5 17. Bg2 Bxc3 18. bxc3 Qc7 19. Be1 N7b6 20.
Rd4 Nxc3 21. Qxc3 Qxc3 22. Bxc3 Rxc3 {1/2-1/2 Ivanchuk,V (2750)-Gelfand,B 
(2733)/Monte Carlo 2007}) 17. Bg2 Qb6 18. Qb3 Nc4 19. Be1 Ba5 20. Qxb6 axb6 21.
Rab1 Nxb2 22. Rxb2 Bxc3 23. Bxc3 Rxc3 24. Bxb7 {1-0 Kramnik,V (2766)-Gelfand,B
(blindfold rapid) (2733)/Monte Carlo 2007 (51). and Kramnik managed to convert
his advantage in endgame.}) 12. Bd2 ({White could try to change tha character
of the position with} 12. c5 $5 Bc7 13. f4 $13) 12... dxc4 13. Bxc4 c5 {
Earlier this year Kramnik himself felt very comfortable with the black pieces.
Anand's opening choice is quite provoking: now Kramnik must show something
against his own play. He comes up with a small improvement, but it doesn't
change the evaluation of the entire variation as being very drawish.} 14. dxc5
$146 (14. Be2 Rac8 15. Bf3 cxd4 16. exd4 Nb6 17. Bg5 Qd7 18. Qb3 Be7 19. Nb5
Rc4 20. a3 a5 21. Nc3 Bd8 22. Bxf6 gxf6 23. d5 e5 24. Rac1 f5 {1/2-1/2 Gelfand,
B (2733)-Kramnik,V (2766)/Monte Carlo (rapid) 2007 (76). Black's initiative
wasn't enough for a win.}) 14... Nxc5 15. Rfd1 Rac8 16. Be1 a6 17. Rac1 Rc7 ({
Black could already deprive White of the bishop pair with} 17... b5 18. Bf1
Nce4 19. Bg2 Nxc3 20. Bxc3 Be5 {but White still keeps an edge after} 21. Qb3
Bxc3 22. Rxc3 Rxc3 23. Qxc3 {since his pieces are more active and Black's
queenside pawns will need protection (in such a situation the pawns are better
placed on b6 and a5 instead of a6 and b5).}) 18. Qb1 Rfc8 19. Bf1 {This is the
type of position White is usually aiming for in the present variation. After
the inevitable exchange of several pieces White will remain with the bishop
pair and will try to convert the minimal advantage.} Ncd7 20. Bg2 Ne5 21. Ne4 (
{The preparatory move} 21. a3 {is not perfect: Black might effectively use the
c4-square later. For instance:} b5 $5 22. Ne4 Rxc1 23. Rxc1 Rxc1 24. Qxc1 Nxe4
25. Bxe4 Nc4 {[%csl Ra3,Rb2]} 26. Bd3 Qb7 $5 $11 {[%csl Rb2][%cal Gb7b2]})
21... Rxc1 22. Rxc1 Rxc1 23. Qxc1 Nxe4 24. Bxe4 Bb4 $1 {This move, depriving
White of his bishop pair, needed precise calculation from Anand.} 25. Qc8+ Kh7
26. Bc3 (26. Bxb4 Qxb4 27. Qxb7 {wins a pawn, but} Qe1+ 28. Kg2 f5 {forces a
draw:} 29. Qc7 (29. Bf3 $2 Nd3 $19) (29. Bc2 $2 Qd2 $1 (29... Ng4 $2 30. Qf3
Qd2 31. Bb3 $16) 30. Bb1 Qd1 $19) 29... Ng4 30. Qf4 e5 ({or} 30... Qd2 31. h3
e5 32. Qf3 Nf6 33. Bb7 Qxb2 34. Bxa6 Qxa2 $11) 31. Qf3 Nxh2 32. Kxh2 fxe4 $11)
26... Bxc3 27. Qxc3 {White still has some pressure due to his strong bishop,
which attacks Black's queenside pawns. Therefore Anand transfers the knight to
d5, thus neutralizing the activity of his opponent's bishop.} Ng4 $1 28. Bf3 (
28. Qc8 Qb4 $132) 28... Nf6 29. Qc8 Nd5 30. a3 (30. e4 $6 {leaves White with a
poor bishop:} Nb6 31. Qc2 e5 {[%csl Rf3] and at some moment Black might think
of playing for advantage: after all as a rule the queen with a knight is more
powerful than a queen with a bishop.}) 30... a5 31. h4 b6 32. Qc6 Qd8 {Black
has transferred the knight to d5, placed the queenside pawns on the dark
squares and protected everything. The position has become completely equal.}
33. Bxd5 exd5 34. Qc3 Qd7 35. Kg2 1/2-1/2

[Event "Dortmund SuperGM 35th"]
[Site "Dortmund"]
[Date "2007.06.27"]
[Round "4"]
[White "Kramnik, Vladimir"]
[Black "Carlsen, Magnus"]
[Result "1-0"]
[WhiteElo "2772"]
[BlackElo "2693"]
[Annotator "Marin,M"]
[PlyCount "59"]
[EventDate "2007.06.23"]
[EventType "tourn"]
[EventRounds "7"]
[EventCountry "GER"]
[EventCategory "20"]
[SourceTitle "CBM 119"]
[Source "ChessBase"]
[SourceDate "2007.08.01"]
[SourceVersion "1"]
[SourceVersionDate "2007.08.01"]
[SourceQuality "1"]

1. Nf3 ({In his recent match against Aronian, Carlsen answered the classical
Catalan move order, consisting of} 1. d4 Nf6 2. c4 e6 3. g3 {with} c5 {.
Despite the fact that the game ended with a convincing win for White, Kramnik
prefers to avoid the Benoni this time.}) 1... Nf6 2. c4 e6 3. g3 d5 4. d4 Be7
5. Bg2 O-O 6. O-O dxc4 7. Qc2 a6 8. Qxc4 b5 9. Qc2 Bb7 10. Bd2 Nc6 11. e3 Nb4
12. Bxb4 Bxb4 13. a3 Be7 {This is one of the more or less equivalent bishop
retreats.} (13... Bd6 {allows White win a tempo after} 14. Nbd2 {followed by
e4, threatening with a fork, but after the new bishop retreat from d6 to e7 it
is far from clear whether the pawn really stands better on e4 than on e3.
Anyway, that is an entirely different variation in fact.}) 14. Nbd2 Rc8 15. b4
{White has to keep the c5-square blocked...} a5 {... and Black has to try to
unblock it at any cost!} 16. Ne5 {Some 16 years ago, when I started analysing
and playing the Catalan, I considered this move to be one of my discoveries.
After the creation and evolution of databases, it appeared that the move had
been played 10 years before I gave it a practical try myself...} ({A recent
game saw} 16. Qb2 {, which seems to be playable, too.} axb4 17. axb4 Qd6 18.
Rfb1 Ra8 (18... Nd5 $2 19. Ne4 $1 $16 Qxb4 $2 20. Qc1 $1 $18 Qc4 $8 21. Qxc4
bxc4 22. Rxb7) 19. Ra5 Nd5 $6 (19... Rxa5 $5 20. bxa5 b4 $132) 20. Ne4 Qxb4 21.
Rxb5 Qxb2 22. R5xb2 Nb6 23. Ne5 f6 24. Nxf6+ $5 (24. Nd3 $14 {[%csl Gc5,Rc7]})
24... gxf6 25. Bxb7 fxe5 26. Bxa8 Rxa8 27. dxe5 Ra4 28. Rc2 Nd5 $14 {Bruzon,L 
(2614)-Capo Vidal,U (2375)/Morelia 2007 (1-0, 36). The position is not easy to
assess, despite White's material advantage. Black's stability in the centre
offers him good chances for defence, but he can hardly aspire for more.
White's structure is too compact...}) 16... Nd5 $2 $146 {This move looks like
a bad over-the-board inspiration rather than the fruit of mistaken home
analysis.} (16... Bxg2 17. Kxg2 c6 {is more or less forced, although it does
not solve Black's problems entirely.} (17... axb4 {allows the occupation of
the c6-square with} 18. Nc6 Qd7 19. axb4 $16 {Speelman,J (2535)-Cox,J (2355)/
Southport 1983/EXT 99 (1/2-1/2, 41)}) 18. Nd3 axb4 19. axb4 Nd5 20. Qb3 Ra8 21.
Rfc1 {White has more space and a flexible structure in the centre. The
weakness of the c6- and b4-pawns compensate for each other. In order to have
chances for equality, Black needs to get equal rights over the only open file.
He will fail painfully to do so...} Qb6 22. Nf3 {/\ Ne5} Qb7 23. Kg1 $1 Rxa1
24. Rxa1 Ra8 25. Ra3 $14 Nxb4 $6 26. Nxb4 c5 27. dxc5 Qxf3 (27... Rxa3 28. Qxa3
Qxf3 29. Qa7 Bf8 30. c6 $18) 28. Nd5 $3 $16 {1-0 Marin,M (2515)-Marciano,D 
(2430)/Bucharest 1993/CBM 034/ (1-0, 36)}) 17. Nb3 $1 {This move is easy to
overlook, because the b4-pawn is attacked no less than 3 times.} axb4 18. Na5
Ba8 19. Nac6 Bxc6 20. Nxc6 Qd7 21. Bxd5 $1 {The only way to retrieve the
temporarily sacrificed pawn, but entirely sufficient for retaining a crushing
positional advantage.} exd5 22. axb4 $16 {Black is completely paralyzed.
What's worse, his b5-pawn is impossible to defend.} Rfe8 (22... Ra8 23. Ra5 $5
Rxa5 24. bxa5 Ra8 {and now the a-pawn advances faster than Black would like it:
} 25. a6 $1 $16 Rxa6 $2 26. Nb8 $18) 23. Ra5 Bf8 24. Ne5 {An interesting
moment.} ({Black's conterplay after} 24. Rxb5 Re6 25. Rc1 Rh6 26. h4 {looks
questionable, but Kramnik must have asked himself whether it was worth playing
with the c6-knight pinned.}) 24... Qe6 (24... Rxe5 25. dxe5 Bxb4 {fails to
complicate the matters because of} 26. Ra7 {followed by Rc1.}) 25. Rxb5 Rb8 $6
({However, the unexpected} 25... Bxb4 $5 26. Rxb4 c5 {might have muddied the
waters a bit (at least psychologically), by changing the course of the game:}
27. dxc5 (27. Rb5 cxd4 $1 {[%csl Ye5]}) 27... Qxe5 28. Rd1 $16) 26. Rxb8 Rxb8
27. Qxc7 $18 Bd6 28. Qa5 Bxb4 (28... Bxe5 29. dxe5 Qxe5 30. Rd1 Qe4 {would
have allowed White win a second pawn with} 31. Rxd5 {although it would have
required some accurate calculation to foresee that he can avoid perpetual
check in the most convenient way with} Qb1+ 32. Kg2 Qe4+ 33. Kf1 Qb1+ 34. Ke2
Qb2+ 35. Kf3 Qf6+ 36. Kg2 $18) 29. Rb1 Qd6 30. Qa4 {Black will soon lose his
d5-pawn, which makes further resistance useless.} 1-0